UBT Library

P5 Raportimi Financiar (Record no. 54934)

000 -LEADER
fixed length control field 00311nam a22001457a 4500
008 - FIXED-LENGTH DATA ELEMENTS--GENERAL INFORMATION
fixed length control field 190926b ||||| |||| 00| 0 eng d
020 ## - INTERNATIONAL STANDARD BOOK NUMBER
International Standard Book Number 9789951541015
041 ## - LANGUAGE CODE
Language code of text/sound track or separate title eng
080 ## - UNIVERSAL DECIMAL CLASSIFICATION NUMBER
Universal Decimal Classification number 330
082 ## - DEWEY DECIMAL CLASSIFICATION NUMBER
Classification number 330
100 ## - Rafti
Rafti 61
101 ## - Shkurtesa
Shkurtesa K F
245 ## - TITLE STATEMENT
Title P5 Raportimi Financiar
Statement of responsibility, etc SHKÇAK
942 ## - ADDED ENTRY ELEMENTS (KOHA)
Source of classification or shelving scheme
Item type Books
Holdings
Withdrawn status Lost status Source of classification or shelving scheme Damaged status Not for loan Permanent location Current location Shelving location Date acquired Total Checkouts Full call number Barcode Date last seen Price effective from Koha item type
          UBT - Prizren UBT - Prizren Koleksioni i përgjithshem 09/26/2019   330 SHK 002-3020167 09/26/2019 09/26/2019 Books
          UBT - Prizren UBT - Prizren Koleksioni i përgjithshem 09/26/2019   330 SHK 002-3020162 09/26/2019 09/26/2019 Books
          UBT - Prizren UBT - Prizren Koleksioni i përgjithshem 09/26/2019   330 SHK 002-3020157 09/26/2019 09/26/2019 Books
          UBT - Prizren UBT - Prizren Koleksioni i përgjithshem 09/26/2019   330 SHK 002-3020152 09/26/2019 09/26/2019 Books
          UBT - Prizren UBT - Prizren Koleksioni i përgjithshem 09/26/2019   330 SHK 002-3020147 09/26/2019 09/26/2019 Books
UBT Library © 2015-2024. All rights reserved University Education for Business and Technology